LIBRARY & INFORMATION CENTRE, KCAET, TAVANUR

ONLINE PUBLIC ACCESS CATALOGUE (OPAC)

Agro-enterprises Rural Development Livelihood Security (Record no. 14425)

MARC details
000 -LEADER
fixed length control field 00359nam a22001337a 4500
020 ## - INTERNATIONAL STANDARD BOOK NUMBER
ISBN 9789380235851
082 ## - DEWEY DECIMAL CLASSIFICATION NUMBER
Classification number 630.
Item number SHA/AG
245 ## - TITLE STATEMENT
Title Agro-enterprises Rural Development Livelihood Security
260 ## - PUBLICATION, DISTRIBUTION, ETC. (IMPRINT)
Place of publication New Delhi
Name of publisher New India Publishing Agency
Year of publication 2011
300 ## - PHYSICAL DESCRIPTION
Number of Pages 450
700 ## - ADDED ENTRY--PERSONAL NAME
Personal name Sharma,J.P
700 ## - ADDED ENTRY--PERSONAL NAME
Personal name Dubey,Shantanu Kumar
942 ## - ADDED ENTRY ELEMENTS (KOHA)
Koha item type Books
Holdings
Withdrawn status Lost status Damaged status Collection code Home library Current library Shelving location Date acquired Source of acquisition Cost, normal purchase price Full call number Accession Number Koha item type
        KAUAET KAUAET General Stacks 30/06/2016 Universal Research Books, Thrissur 1910.00 630. SHA/AG 23937 Books
free website counter